000 00652nam a2200241Ia 4500
003 OSt
005 20220918195941.0
006 a|||||r|||| 00| 0
007 ta
008 220917b |||||||| |||| 00| 0 eng d
024 _a86,835
037 _cTextual
040 _aARTS
_cARTS
_beng
041 _2eng
_aeng
082 _aT2:3:V, 123K3
100 _aRomay palmira Boola De
_992062
245 0 _aLa historia en la escuela secundaria
260 _c1963
650 _aEDUCATION
700 _a Benzrithem Lola B
_992063
942 _hT2:3:V, 123K3
_cTEXL
_2CC
999 _c210532
_d210532